000 00802nam0a22002531 4500
001 rc\506491
005 20250621112110.0
035 _a(NLR Aleph) 005747152
090 _a4800961
_c4800961
100 _a20030616d1988 |||y0rusy50 ca
101 0 _arus
102 _aRU
105 _ay |||||||||
200 1 _aСоциология пьянства
210 _aМахачкала
_cДаг. кн. изд-во
_d1988
215 _a32 с.
_d17
300 _aВлож. с 2 др. кн. в манжетку с загл.: Не потерять человека: [1]
517 0 _aНе потерять человека
700 1 _aКисриев
_bЭ.Ф.
_gЭнвер Фридович
801 0 _aRU
_bNLR
_gpsbo
801 1 _aRU
_bELAR
_2rusmarc
852 _aNLR
_j89-2/308-1
942 _cBOOK
980 _aNB